[Event "AUTO-ADV-3646"]
[Site "http://www.queenalice.com/game.php?id=1424859"]
[Date "2016.5.26"]
[Round "1"]
[White "brumbaz"]
[Black "ReiBranco"]
[Result "0-1"]
[WhiteElo "1623"]
[BlackElo "1846"]

1. e4 c5 2. Bc4 e6 3. d3 Nc6 4. Nf3 d6 5. Bb5 Bd7 6. Bxc6 Bxc6 7. Bf4 Nf6 8. Bg5
Be7 9. Bxf6 Bxf6 10. Nbd2 O-O 11. Qe2 Bxb2 12. Rb1 Bf6 13. c4 Qa5 14. O-O Qxa2
15. Qe3 h6 16. Rbe1 Qa5 17. e5 dxe5 18. Ne4 Bxe4 19. Qxe4 Qc7 20. Nh4 Bxh4 21.
Qxh4 f6 22. Re3 Qf7 23. f4 exf4 24. Qxf4 e5 25. Qf5 Rad8 26. Ra1 b6 27. Rh3 Rd4
28. g4 Rf4 29. Qh5 Qxh5 30. gxh5 Rf7 31. Kg2 Rd4 32. Rf1 Rfd7 33. Rd1 Rxc4 34.
Kf3 Rcd4 35. Rg3 Rxd3+ 36. Rxd3 Rxd3+ 0-1

[Event "AUTO-ADV-3646"]
[Site "http://www.queenalice.com/game.php?id=1424860"]
[Date "2016.5.26"]
[Round "1"]
[White "ReiBranco"]
[Black "brumbaz"]
[Result "1-0"]
[WhiteElo "1789"]
[BlackElo "1701"]

1. c4 e5 2. Nc3 Bc5 3. Nf3 Nc6 4. e3 Nf6 5. Be2 d6 6. O-O Bg4 7. h3 Bxf3 8. Bxf3
Nb4 9. d4 exd4 10. exd4 Bb6 11. Bxb7 Rb8 12. Bf3 O-O 13. a3 Bxd4 14. axb4 Rxb4
15. Qxd4 c5 16. Qd3 1-0

[Event "AUTO-ADV-3646"]
[Site "http://www.queenalice.com/game.php?id=1424871"]
[Date "2016.5.26"]
[Round "1"]
[White "jmsteinfeld"]
[Black "ReiBranco"]
[Result "0-1"]
[WhiteElo "1891"]
[BlackElo "1801"]

1. e4 c6 2. d4 d5 3. exd5 cxd5 4. g3 Bf5 5. Bd3 Bxd3 6. Qxd3 Nf6 7. Ne2 e6 8.
Bg5 Be7 9. Bxf6 Bxf6 10. O-O O-O 11. Nd2 Nc6 12. c3 Rc8 13. h4 h6 14. b4 Re8 15.
a4 b6 16. b5 Na5 17. Rac1 Nc4 18. Nxc4 dxc4 19. Qe4 Qd5 20. Qxd5 exd5 21. Nf4
Rcd8 22. Rfe1 Kf8 23. Nh5 Be7 24. Ra1 Bd6 25. Nf4 Bxf4 26. gxf4 Rxe1+ 27. Rxe1
Re8 28. Rxe8+ Kxe8 29. Kg2 Ke7 30. Kg3 h5 31. f5 Kf6 32. Kf4 g6 33. fxg6 fxg6
34. Kg3 Kf5 35. f4 Ke4 0-1

[Event "AUTO-ADV-3646"]
[Site "http://www.queenalice.com/game.php?id=1424872"]
[Date "2016.5.26"]
[Round "1"]
[White "ReiBranco"]
[Black "jmsteinfeld"]
[Result "1-0"]
[WhiteElo "1751"]
[BlackElo "1962"]

1. d4 d5 2. c4 dxc4 3. Nc3 b6 4. e3 Ba6 5. Nf3 e6 6. Ne5 Nd7 7. Nxc4 Bxc4 8.
Bxc4 Ngf6 9. O-O Bd6 10. Bd2 O-O 11. a3 c5 12. dxc5 Nxc5 13. b4 Nce4 14. Nxe4
Nxe4 15. g3 Nxd2 16. Qxd2 h5 17. Rad1 h4 18. Qxd6 hxg3 19. Qxd8 gxh2+ 20. Kxh2
Rfxd8 21. Be2 g6 22. Rxd8+ Rxd8 23. Rd1 Rxd1 24. Bxd1 e5 25. Kg3 f5 26. f4 e4
27. Kh4 Kg7 28. Kg5 a5 29. Bb3 axb4 30. axb4 Kh7 31. Bf7 Kg7 32. Bxg6 1-0

[Event "AUTO-ADV-3646"]
[Site "http://www.queenalice.com/game.php?id=1424877"]
[Date "2016.5.26"]
[Round "1"]
[White "qxr"]
[Black "ReiBranco"]
[Result "0-1"]
[WhiteElo "1722"]
[BlackElo "1701"]

1. d4 Nf6 2. c4 g6 3. Nc3 Bg7 4. e4 d6 5. f3 O-O 6. Bd3 Nbd7 7. Nge2 e5 8. Be3
b6 9. O-O exd4 10. Nxd4 Bb7 11. Nce2 Ne5 12. Bc2 Nxc4 13. Bf2 Nxb2 14. Qb1 Nc4
15. Qd1 Ne5 16. Be1 a6 17. Bb3 c5 18. Nc2 d5 19. Bc3 d4 20. Bb2 Re8 21. Ng3 Rc8
22. a4 c4 23. Ba2 d3 24. Bxe5 Rxe5 25. Nb4 b5 26. axb5 axb5 27. Rf2 Bf8 28. f4
Nxe4 29. fxe5 Nxf2 30. Kxf2 Bxb4 31. Bb1 Qd4+ 32. Kf1 Bc5 33. Qd2 Qg1# 0-1

[Event "AUTO-ADV-3646"]
[Site "http://www.queenalice.com/game.php?id=1424878"]
[Date "2016.5.26"]
[Round "1"]
[White "ReiBranco"]
[Black "qxr"]
[Result "1-0"]
[WhiteElo "1833"]
[BlackElo "1767"]

1. Nf3 g6 2. g3 Bg7 3. Bg2 e5 4. d3 d5 5. O-O Nc6 6. Nbd2 Nge7 7. e4 O-O 8. exd5
Nxd5 9. Re1 Re8 10. Nc4 Qf6 11. Bg5 Qe6 12. c3 f6 13. Bd2 Qf7 14. Ne3 Nxe3 15.
Bxe3 Bg4 16. Qc2 Be6 17. b3 Bf5 18. Nh4 Bd7 19. Rad1 g5 20. Nf3 Ne7 21. c4 Nc6
22. a3 Nd8 23. d4 exd4 24. Nxd4 c5 25. Ne2 Rc8 26. Nc3 b6 27. Nd5 Re5 28. f4
gxf4 29. Bxf4 Rxe1+ 30. Rxe1 Ne6 31. Be3 Nf8 32. Bf4 Ng6 33. Bd2 Qf8 34. Nf4
Nxf4 35. Bxf4 Bc6 36. Bh3 Re8 37. Qd2 Rd8 38. Qf2 f5 39. Be3 Re8 40. Qxf5 Qd6
41. Qb1 Be4 42. Qc1 Bd4 43. Bxd4 Qxd4+ 44. Qe3 Qxe3+ 45. Rxe3 Kf8 46. Bf1 Bg6
47. Rxe8+ Kxe8 48. Kf2 Ke7 49. Ke3 Bc2 50. b4 Ke6 51. Kf4 cxb4 52. axb4 a6 53.
Bh3+ Kf6 54. Bd7 Bb3 55. c5 bxc5 56. bxc5 Be6 57. Ba4 Ke7 58. Ke5 Bd7 59. c6 Bc8
60. c7 a5 61. Bb5 Bd7 62. Ba6 1-0

[Event "AUTO-INT-3142"]
[Site "http://www.queenalice.com/game.php?id=1424884"]
[Date "2016.5.26"]
[Round "1"]
[White "HenriqCamargo"]
[Black "ReiBranco"]
[Result "0-1"]
[WhiteElo "1721"]
[BlackElo "1736"]

1. e4 c6 2. Nf3 d5 3. Nc3 dxe4 4. Nxe4 Bf5 5. d3 h6 6. Be2 Nd7 7. O-O Ngf6 8.
Ng3 Bh7 9. Re1 e6 10. Be3 Be7 11. b3 O-O 12. Bd4 Qc7 13. Bxf6 Bxf6 14. Rb1 Rfd8
15. Nh5 Bc3 16. Nd2 Qa5 17. Nf3 Qxh5 18. Rf1 Ne5 19. Nd2 Qg5 20. Nf3 Nxf3+ 21.
Bxf3 Qd2 22. Qxd2 Bxd2 23. Rbd1 Bg5 24. g3 Rd6 25. Rfe1 Bg6 26. Kg2 Rad8 27. h4
Bf6 28. Re2 Bc3 29. a4 a5 30. g4 b5 31. axb5 cxb5 32. Kg3 f5 33. h5 Bh7 34. Kh3
Kf7 35. Rg1 Kf6 36. Kh4 Rd4 37. Kh3 Rf4 38. Re3 Bd2 0-1

[Event "AUTO-INT-3142"]
[Site "http://www.queenalice.com/game.php?id=1424885"]
[Date "2016.5.26"]
[Round "1"]
[White "ReiBranco"]
[Black "HenriqCamargo"]
[Result "1-0"]
[WhiteElo "1775"]
[BlackElo "1727"]

1. c4 Nf6 2. Nc3 e6 3. Nf3 Bb4 4. d3 O-O 5. Bd2 Nc6 6. g3 b6 7. Bg2 Bb7 8. O-O
Ne7 9. Rc1 d5 10. cxd5 Bxc3 11. Bxc3 Nfxd5 12. Qd2 Nxc3 13. Qxc3 Rb8 14. e4 c5
15. Rfd1 Ba6 16. d4 Qc7 17. dxc5 bxc5 18. Rd2 Ng6 19. Qxc5 Qxc5 20. Rxc5 Rfc8
21. Rxc8+ Rxc8 22. h3 f6 23. Kh2 Rb8 24. b3 Bb5 25. h4 a6 26. Bh3 Kf7 27. Nd4
Bd7 28. f4 Nf8 29. Kg2 Rc8 30. Kf2 Rc3 31. Nf3 Ke7 32. Bf1 Bb5 33. Bxb5 axb5 34.
Nd4 Rc5 35. Rc2 Rxc2+ 36. Nxc2 Kd6 37. a4 bxa4 38. bxa4 Nd7 39. Ke3 Nb8 40. Kd4
Kc6 41. Kc4 Na6 42. Nb4+ Nxb4 43. Kxb4 Kb6 44. a5+ Ka6 45. Kc5 1-0

[Event "AUTO-INT-3142"]
[Site "http://www.queenalice.com/game.php?id=1424900"]
[Date "2016.5.26"]
[Round "1"]
[White "daniel0176"]
[Black "ReiBranco"]
[Result "0-1"]
[WhiteElo "1733"]
[BlackElo "1821"]

1. e4 c6 2. d4 d5 3. exd5 cxd5 4. h3 Bf5 5. Nf3 h6 6. Nc3 a6 7. Be2 Nf6 8. O-O
Nbd7 9. a3 e6 10. b4 Rc8 11. b5 Rxc3 12. Bd2 Rxc2 13. bxa6 bxa6 14. Nh4 Bh7 15.
Bxa6 Be7 16. Bb5 O-O 17. Ba4 Rc8 18. Qf3 Ne4 19. Be3 Bxh4 20. Qg4 Bg5 21. Bxg5
Nxg5 22. Bb3 Nf6 23. a4 Nxg4 24. hxg4 Ra8 25. Rae1 Qb6 26. Ba2 Qxd4 27. Bxd5
Qxd5 28. Rd1 Qe4 29. Rde1 Qxg4 30. f3 Qg3 31. Re2 Bd3 32. Ref2 Bxf1 33. Kxf1
Rxa4 0-1

[Event "AUTO-INT-3142"]
[Site "http://www.queenalice.com/game.php?id=1424901"]
[Date "2016.5.26"]
[Round "1"]
[White "ReiBranco"]
[Black "daniel0176"]
[Result "1-0"]
[WhiteElo "1718"]
[BlackElo "1777"]

1. d4 d5 2. c4 dxc4 3. Nc3 a6 4. a4 e6 5. e3 Bb4 6. Bxc4 Nf6 7. Bd2 O-O 8. Nf3
Bd7 9. O-O c6 10. Rc1 b5 11. Bd3 Qc7 12. axb5 Bxc3 13. Rxc3 axb5 14. Bxb5 Nd5
15. Rc2 Re8 16. Qc1 Qb6 17. Bd3 Nf6 18. Ne5 Qc7 19. Bb5 Ne4 20. Bb4 Na6 21. Ba3
Qb7 22. Bxc6 Bxc6 23. Nxc6 Ng5 24. Ne5 Ne4 25. f3 Ng5 26. e4 Red8 27. Rd1 h5 28.
Qxg5 Nc7 29. Qxh5 Qb3 30. Qxf7+ Kh8 31. Rcd2 Rg8 32. Qh5# 1-0

[Event "AUTO-INT-3142"]
[Site "http://www.queenalice.com/game.php?id=1424910"]
[Date "2016.5.26"]
[Round "1"]
[White "Teenho"]
[Black "ReiBranco"]
[Result "0-1"]
[WhiteElo "1570"]
[BlackElo "1678"]

1. d4 d5 2. f3 c6 3. Nc3 Bf5 4. e4 dxe4 5. fxe4 Bg6 6. d5 e6 7. Be3 Nf6 8. dxe6
Qxd1+ 9. Rxd1 fxe6 10. Nf3 Nxe4 11. Nxe4 Bxe4 12. Ng5 Bxc2 13. Nxe6 Bb4+ 0-1

[Event "AUTO-INT-3142"]
[Site "http://www.queenalice.com/game.php?id=1424911"]
[Date "2016.5.26"]
[Round "1"]
[White "ReiBranco"]
[Black "Teenho"]
[Result "1-0"]
[WhiteElo "1690"]
[BlackElo "1558"]

1. Nf3 d6 2. g3 e5 3. d3 Nf6 4. Bg2 Nc6 5. O-O d5 6. Nbd2 Bf5 7. Re1 e4 8. Nh4
Bg4 9. dxe4 dxe4 10. Nxe4 Qxd1 11. Nxf6+ gxf6 12. Rxd1 Bxe2 13. Re1 Nd4 14. c3
O-O-O 15. cxd4 1-0

[Event "AUTO-INT-3142"]
[Site "http://www.queenalice.com/game.php?id=1451193"]
[Date "2016.11.21"]
[Round "2"]
[White "ReiBranco"]
[Black "josedesouza"]
[Result "0-1"]
[WhiteElo "1818"]
[BlackElo "1743"]

1. c4 Nf6 2. Nc3 e6 3. Nf3 Bc5 4. g3 a6 5. Bg2 c6 6. O-O O-O 7. d3 d5 8. cxd5
cxd5 9. d4 Bb6 10. e3 Nbd7 11. Bd2 Bc7 12. Rc1 Re8 0-1

[Event "AUTO-INT-3142"]
[Site "http://www.queenalice.com/game.php?id=1451194"]
[Date "2016.11.21"]
[Round "2"]
[White "josedesouza"]
[Black "ReiBranco"]
[Result "1-0"]
[WhiteElo "1762"]
[BlackElo "1799"]

1. d4 Nf6 2. Nf3 g6 3. Nbd2 Bg7 4. e3 O-O 5. Bd3 d6 6. O-O Nbd7 7. Be2 b6 8. b3
Bb7 9. c4 c5 10. Bb2 Ne4 11. Rb1 Ndf6 12. d5 Nxd2 13. Nxd2 1-0

[Event "AUTO-ADV-3646"]
[Site "http://www.queenalice.com/game.php?id=1452325"]
[Date "2016.11.28"]
[Round "2"]
[White "Scooby_99"]
[Black "ReiBranco"]
[Result "1-0"]
[WhiteElo "2140"]
[BlackElo "1870"]

1. e4 c6 2. Bc4 d5 3. exd5 cxd5 4. Bb3 Nf6 5. d4 Bf5 6. Nc3 e6 7. Nf3 h6 8. O-O
Be7 9. Bf4 Nbd7 10. Nb5 O-O 11. h3 a6 12. Nc3 Rc8 13. a3 b5 14. Re1 Ne4 15. Nxe4
Bxe4 16. Nh2 Nb6 17. f3 1-0

[Event "AUTO-ADV-3646"]
[Site "http://www.queenalice.com/game.php?id=1452326"]
[Date "2016.11.28"]
[Round "2"]
[White "ReiBranco"]
[Black "Scooby_99"]
[Result "0-1"]
[WhiteElo "1865"]
[BlackElo "2144"]

1. d4 d5 2. c4 e6 3. Nc3 Nf6 4. Bg5 Be7 5. Nf3 O-O 6. e3 h6 7. Bh4 Nc6 8. c5 a6
9. Bd3 Rb8 10. O-O b6 11. cxb6 cxb6 12. Rc1 Bb7 13. a3 Re8 14. Bg3 Bd6 15. Bxd6
Qxd6 16. Na4 Bc8 0-1